[Event "EIWCC 2018"]
[Site "Vysoke Tatry"]
[Date "2018.04.08"]
[Round "1"]
[White "Gevorgyan, Maria"]
[Black "Vega Gutierrez, Sabrina"]
[Result "0-1"]
[WhiteElo "2226"]
[BlackElo "2425"]
[Annotator "TA"]
[PlyCount "66"]
[EventDate "2018.??.??"]
[EventType "swiss"]
[EventCountry "SVK"]
[SourceTitle "playchess.com"]
[Source "ChessBase"]
[SourceQuality "1"]

{[%evp 23,66,24,39,-6,-5,-12,-14,-20,-14,-19,0,0,0,-40,-40,-27,0,0,-30,-212,-218,-227,-227,-217,-218,-557,-529,-681,-681,-653,-657,-656,-236,-625,-629,-1301,-1248,-29995,-29992,-29996,-29993,-29995,-29996,-29996,-29997]} 1. e4 c5 2. Nf3 Nc6 3. d4 cxd4 4. Nxd4 Nf6 5. Nc3 e5 6. Ndb5 d6 7. Bg5 a6 8. Na3 b5 9. Nd5 Be7 10. Bxf6 Bxf6 11. c3 O-O 12. Nc2 Rb8 {LiveBook: 807 Games} 13. b3 {B33: Sicilian: Pelikan and Sveshnikov Variations} (13. a4 bxa4 14. Ncb4 Nxb4 15. cxb4 Bb7 16. Rxa4 Qc8 17. Nxf6+ gxf6 18. Bd3 Bc6 19. Rxa6 Rxb4 20. O-O Rd4 21. Qf3 Bxe4 22. Bxe4 Qxa6 23. Qg4+ Kh8 24. Qf5 Rxe4 25. Qxf6+ Kg8 26. Qg5+ Kh8 27. Qf6+ Kg8 28. Qg5+ Kh8 {½-½ (28) Vachier Lagrave,M (2765)-Carlsen,M (2850) London 2015}) 13... Be6 $146 ({Predecessor:} 13... Bg5 14. a4 bxa4 15. Rxa4 Ne7 16. Ncb4 Nxd5 17. Nxd5 Qd7 18. Bc4 Kh8 19. O-O f5 20. exf5 Qxf5 21. Bxa6 {½-½ (47) Arzumanian,G (2437)-Manaenkov,V (2255) Tula 2001}) 14. Nxf6+ Qxf6 15. Qxd6 {The position is equal.} Rbc8 {next ...Rfd8 is good for Black.} 16. Qd2 Rfd8 17. Qe3 Qg6 18. g3 f5 $1 $36 {[%mdl 2048] Black has the initiative.} 19. Bh3 f4 (19... Qh5 $5 {[%cal Rh5h3]} 20. Bg2 {[#]} f4 $1 {[%mdl 512]} 21. gxf4 exf4 22. Qxf4 Ne5 $11) 20. Bxe6+ Qxe6 21. gxf4 $2 (21. Qf3 $11) 21... exf4 $19 22. Qxf4 Ne5 {( -> ...Nd3+)} 23. O-O Rxc3 24. Ne1 $2 (24. Ne3 {nothing else works.} Rf8 25. Qg3) 24... Rf8 25. Qd2 Nf3+ 26. Nxf3 Qg4+ ({Inferior is} 26... Rfxf3 27. Qd5 $11) 27. Kh1 Qxf3+ 28. Kg1 Rd3 29. Qc2 {If White can now play Rad1 this consolidates a bit.} Rd6 {[%cal Rd6g6]} 30. Rfd1 Rg6+ {Black mates.} 31. Kf1 Qh3+ 32. Ke2 {[#]} Rxf2+ $1 {[%mdl 512]} 33. Kxf2 Rg2+ {Precision: White = 37%, Black = 74%.} 0-1

[Event "EIWCC 2018"]
[Site "Vysoke Tatry"]
[Date "2018.04.08"]
[Round "1"]
[White "Mikadze, Miranda"]
[Black "Bulmaga, Irina"]
[Result "1/2-1/2"]
[WhiteElo "2216"]
[BlackElo "2414"]
[Annotator "TA"]
[PlyCount "106"]
[EventDate "2018.??.??"]
[EventType "swiss"]
[EventCountry "SVK"]
[SourceTitle "playchess.com"]
[Source "ChessBase"]
[SourceQuality "1"]

{[%evp 16,106,3,6,8,-14,-14,-19,-3,-13,-6,-15,-4,-24,-16,-23,-11,-10,-10,-19,-10,-11,-12,-17,-17,-23,-20,-14,-11,-13,-9,-9,0,-19,0,0,0,-7,-7,-4,0,0,0,0,0,0,0,0,0,0,0,0,0,0,0,0,0,0,0,-4,-7,-36,0,0,0,0,0,0,0,0,0,0,0,0,0,0,0,0,0,0,0,0,0,0,0,0,0,0,0,0,0,0,0]} 1. d4 Nf6 2. Nf3 e6 3. Bf4 b6 4. e3 Bb7 5. Nbd2 g6 (5... Bd6 6. Bg3 O-O 7. Bd3 h6 8. c3 Bxg3 9. hxg3 d6 10. Qe2 Nbd7 11. e4 e5 12. dxe5 dxe5 13. O-O-O {1-0 (27) Le,Q (2737)-Salgado Lopez,I (2644) Riadh 2017}) 6. Bd3 {A47: 1 d4 Nf6 2 Nf3 b6: Torre, London and Colle Systems} Bg7 7. h3 O-O 8. e4 d6 9. O-O {LiveBook: 6 Games} Nc6 10. Re1 $146 ({Predecessor:} 10. c3 e5 11. Bh2 exd4 12. cxd4 Nd7 13. Qa4 Nxd4 14. Nxd4 {0-1 (34) Capo Vidal,U (2319)-Alvarez Pedraza,A (2525) Mexico City 2012}) 10... Nxd4 11. Nxd4 {[#] Threatens to win with N4f3.} e5 12. Be3 {N4f3 is the strong threat.} exd4 13. Bxd4 Re8 14. c3 d5 15. Qc2 c5 16. Bxf6 $1 Qxf6 17. exd5 Bxd5 18. Be4 Qc6 19. a4 Rad8 20. Bxd5 Qxd5 21. Nf1 Bh6 22. Rad1 Rxe1 23. Rxe1 Kg7 24. Re7 Rd7 25. Rxd7 Qxd7 26. Qe4 Bg5 27. h4 $132 {[%mdl 2048] White is not keeping still} f5 28. Qe5+ Bf6 29. Qf4 Qe7 30. g3 Be5 31. Qc4 {[#]} f4 $1 {[%mdl 512]} 32. Qd5 (32. gxf4 Qxh4) 32... fxg3 33. fxg3 h5 34. Kg2 Bd6 35. Kf3 Qf7+ 36. Ke4 Qe7+ 37. Kd3 Qc7 38. Kc4 Bxg3 39. Nxg3 {The position is equal.} Qxg3 $15 {[%mdl 4096] Endgame KQ-KQ} 40. Qd7+ Kh6 {aiming for ...Qg4+.} 41. Qe7 Qf2 42. Kb3 a6 43. Qd8 {[%cal Rd8h8]} Kg7 44. Ka3 Qf6 45. Qc7+ Kh6 46. a5 bxa5 47. Qxc5 g5 (47... Qxh4 $5 48. Qf8+ $8 Kh7 49. Qf7+ Kh6 50. Qf8+ Kg5 $11) 48. hxg5+ Qxg5 49. Qf8+ Kg6 50. Qg8+ Kf6 51. Qd8+ Kf5 52. Qd5+ Kg4 53. Qg2+ Kf4 {Precision: White = 75%, Black = 65%.} 1/2-1/2

[Event "EIWCC 2018"]
[Site "Vysoke Tatry"]
[Date "2018.04.08"]
[Round "1"]
[White "Kubicka, Anna"]
[Black "Nechaeva, Marina"]
[Result "0-1"]
[WhiteElo "2215"]
[BlackElo "2413"]
[Annotator "TA"]
[PlyCount "64"]
[EventDate "2018.??.??"]
[EventType "swiss"]
[EventCountry "SVK"]
[SourceTitle "playchess.com"]
[Source "ChessBase"]
[SourceQuality "1"]

{[%evp 9,64,-1,-6,-40,-10,-14,-16,-12,-9,-24,-22,-36,-26,-37,-37,-41,-27,-20,-11,-29,-32,-46,-30,-61,-52,-45,-54,-138,-144,-167,-170,-183,-183,-175,-174,-229,-231,-122,-233,-218,-215,-218,0,0,0,-214,-214,-319,-324,-290,-230,-760,-374,-29989,-29990,-29990,-29991]} 1. e4 c5 2. c3 d5 3. e5 Nc6 4. d4 Bf5 5. Nf3 e6 {LiveBook: 8 Games} 6. Bd3 {B22: Sicilian: 2 c3} (6. Be2 Nge7 7. O-O Ng6 8. a3 Be7 9. Be3 O-O 10. b4 c4 11. Ne1 f6 12. exf6 Bxf6 {½-½ (36) Tyulenko,Y (2430)-Lobanov,A (2362) ICCF email 2015}) 6... Nge7 7. O-O Bxd3 8. Qxd3 {The position is equal.} Nf5 9. b3 $146 ({Predecessor:} 9. a3 c4 10. Qd1 Be7 11. Nbd2 b5 12. b3 O-O {0-1 (32) Phyo,C (2300)-Soe,M (2136) Yangon 2016}) 9... Be7 10. Bb2 Rc8 11. Na3 cxd4 12. cxd4 O-O 13. Nc2 Qb6 14. Rac1 (14. g4 $5 {[%cal Rg4f5]} Nh4 15. Nxh4 Bxh4 16. f4 $15) 14... Rc7 15. h3 Rfc8 16. g4 Nh4 17. Nxh4 Bxh4 18. f4 (18. Kg2 $15) 18... g5 $1 $17 19. Qe3 gxf4 20. Qxf4 {[#] Black must now prevent g5.} Nxe5 $1 {[%mdl 512]} 21. Qxe5 {Strongly threatening Qh5.} Rxc2 22. Qh5 {[#]} (22. Rxc2 $142 Rxc2 23. Ba3) 22... Rxc1 $1 $19 23. Qxf7+ Kh8 24. Bxc1 Qxd4+ 25. Kh1 Qe4+ $2 (25... Qc3 $19 26. Qf4 Qxh3+ 27. Kg1 Qg3+ 28. Qxg3 Bxg3) 26. Kg1 $11 Qd4+ $2 (26... e5 $11 27. Bh6 Qg6 28. Qxg6 hxg6) 27. Kh1 $19 Qc3 28. Bf4 (28. Qf4 $142 Qxh3+ 29. Kg1 Qg3+ 30. Qxg3 Bxg3 31. Be3) 28... Qxh3+ 29. Bh2 {intending Qf4.} Qe3 30. Qh5 $2 (30. Bg1 Qh3+ 31. Bh2) 30... Bf6 (30... Qe4+ $142 31. Kg1 {[#]} Bf2+ $1 {[%mdl 512]} 32. Kxf2 Rf8+ 33. Kg3 Rxf1 34. Qe8+ Kg7 35. Qe7+ Kh6 36. Qh4+ Kg6 37. Qh5+ Kg7 38. Qg5+ Kf7) 31. Bg1 $2 (31. g5 $19 Bxg5 32. Qg4) 31... Qe4+ 32. Kh2 Be5+ {Precision: White = 15%, Black = 65%.} 0-1

[Event "EIWCC 2018"]
[Site "Vysoke Tatry"]
[Date "2018.04.08"]
[Round "1"]
[White "Motycakova, Monika"]
[Black "Danielian, Elina"]
[Result "1/2-1/2"]
[WhiteElo "2207"]
[BlackElo "2410"]
[Annotator "TA"]
[PlyCount "71"]
[EventDate "2018.??.??"]
[EventType "swiss"]
[EventCountry "SVK"]
[SourceTitle "playchess.com"]
[Source "ChessBase"]
[SourceQuality "1"]

{[%evp 12,71,36,10,39,19,19,19,18,9,13,6,30,15,18,16,14,0,49,0,73,0,37,4,0,17,71,55,192,186,226,234,297,296,306,281,280,185,321,327,405,390,641,427,830,238,397,372,528,109,177,174,172,125,120,117,132,127,135,120,110,136]} 1. e4 d6 2. d4 Nf6 3. Nc3 g6 4. Be3 Bg7 5. Qd2 c6 6. f3 b5 {[%cal Bb7b5,Bb5b4][%mdl 32]} 7. Bd3 a6 {B07: Pirc Defence: Miscellaneous Systems} (7... Nbd7 8. a4 b4 9. Nd1 a5 10. Ne2 e5 11. c3 O-O 12. O-O d5 13. Nf2 bxc3 14. bxc3 Qe7 15. Bg5 Ba6 16. Bxa6 Rxa6 {1-0 (33) Papaioannou,I (2624)-Sambuev,B (2524) Vrachati 2013}) 8. h4 h5 9. a4 {[%cal Ra4b5]} b4 {The position is equal.} 10. Nce2 a5 11. Nh3 Bxh3 12. Rxh3 Nbd7 13. O-O-O $146 ({Predecessor:} 13. Kf2 Qc7 14. c3 bxc3 15. bxc3 e5 {0-1 (43) Caberoglu,A (2077)-Yilmaz,T (2248) Antalya 2018}) 13... Qc7 14. Kb1 $36 {[%mdl 2048] White has the initiative.} Rb8 15. b3 Nb6 (15... e5 $11) 16. Ka2 (16. Rg3 $16) 16... Nfd7 17. f4 {[%cal Bf3f4,Bf4f5][%mdl 32]} c5 {White must now prevent ...c4.} 18. Bb5 {Hoping for dxc5.} O-O {[#]} (18... c4 $11) 19. f5 $1 $16 Nf6 (19... c4 $14) 20. dxc5 $18 dxc5 21. Bf4 Qb7 22. Bxb8 Qxb8 {[#]} 23. fxg6 $1 fxg6 24. Rf3 {Qg5 is the strong threat.} c4 (24... Qe5 $142 25. Qg5 Nh7 26. Rxf8+ (26. Qxg6 $2 {leads to mate.} Qb2#) 26... Nxf8 27. Qxe5 Bxe5) 25. Qg5 cxb3+ 26. cxb3 Rc8 $2 (26... Qc8 27. Bd3 e5 28. Qxg6 Qg4 29. Qxg4 hxg4) 27. e5 Ng4 (27... Nh7 $142 28. Qxg6 Qxe5) 28. Qxe7 $2 (28. Qxg6 {White wants to mate with Bd3.} Qxe5 29. Nd4) 28... Nxe5 $2 (28... Qxe5 {was called for.} 29. Qxe5 Bxe5) 29. Re3 Ng4 (29... Kh7 {keeps fighting.} 30. Nf4 Rc2+ 31. Kb1 Qc7 32. Qxc7 Rxc7) 30. Qe6+ $2 (30. Re6 $18 Ne5 31. Rdd6) 30... Kh7 (30... Kh8 $16 31. Bd3 Nxe3 32. Qxg6 Kg8 33. Qe6+ Kh8) 31. Bd3 Nxe3 32. Qxg6+ Kg8 33. Qe6+ Kh8 34. Qxe3 {Qe4 would kill now.} Re8 35. Qg5 Qe5 36. Qxe5 {Precision: White = 46%, Black = 25%.} 1/2-1/2

[Event "EIWCC 2018"]
[Site "Vysoke Tatry"]
[Date "2018.04.08"]
[Round "1"]
[White "Arda, Cagil Irmak"]
[Black "Shvayger, Yuliya"]
[Result "1/2-1/2"]
[WhiteElo "2199"]
[BlackElo "2404"]
[Annotator "TA"]
[PlyCount "185"]
[EventDate "2018.??.??"]
[EventType "swiss"]
[EventCountry "SVK"]
[SourceTitle "playchess.com"]
[Source "ChessBase"]
[SourceQuality "1"]

{[%evp 24,185,31,24,26,31,25,25,19,0,0,-6,9,8,7,0,12,0,0,0,0,0,0,-3,0,0,0,0,0,-19,-32,-101,-94,-81,-74,-133,-85,-114,0,0,0,0,0,0,12,0,0,0,211,210,143,0,0,0,0,0,119,-13,-19,-21,-22,-51,-18,-45,0,-64,-61,-149,-155,-150,-141,-147,-26,-20,-18,-18,-18,-18,-18,-18,-18,-18,-18,-25,-8,-25,-8,-25,-25,-25,-25,-25,-8,-25,-8,-25,-8,-25,-8,-26,-26,-26,-26,-26,-26,-26,-26,-26,-25,-25,0,0,0,0,0,0,0,0,0,0,0,0,0,0,0,0,0,0,0,0,0,0,0,0,0,0,0,0,0,0,0,0,0,0,0,0,0,0,0,0,0,0,0,0,0,0,0,0,0,0,0,0,0,0]} 1. e4 e6 2. d4 d5 3. Nd2 c5 4. exd5 Qxd5 5. Ngf3 cxd4 6. Bc4 Qd6 7. O-O Nf6 8. Nb3 Nc6 9. Nbxd4 Nxd4 10. Nxd4 Be7 11. Re1 O-O 12. c3 Bd7 13. Qf3 {LiveBook: 7 Games. C07: French Tarrasch: 3...c5, 4 Ngf3 and 4 exd5 Qxd5} Qc7 14. Bf1 $146 ({Predecessor:} 14. Bd3 Rfd8 15. Bc2 Be8 16. Bg5 Rd5 17. Bh4 Rh5 18. Bg3 Bd6 19. Bxd6 Qxd6 20. h3 a5 21. Rad1 Re5 22. Re3 Rxe3 23. Qxe3 Qc5 24. Qe1 Rd8 25. Rd2 {½-½ (25) Siefring,C (2497)-Belka,W (2504) ICCF email 2015}) 14... Qb6 15. a4 {White has an edge.} a5 16. Bg5 Rfd8 17. Bb5 Nd5 18. Bxe7 Nxe7 19. Rad1 Bc6 20. Qh5 Ng6 21. Bxc6 bxc6 22. Qe2 Rd5 23. g3 Rad8 24. Nf3 h6 25. Rxd5 cxd5 26. h4 Rb8 27. Rb1 ({White should try} 27. c4 $15) 27... Qb3 $1 $17 28. h5 Nf8 29. Qe5 (29. Qa6 $142) 29... Rc8 30. Qd4 Rc4 (30... Qa2 $17 31. Qd1 Nd7) 31. Qa7 $1 $11 {With the idea Ne5.} Qc2 32. Re1 {And now Ne5 would win.} Rxa4 33. Ne5 Qf5 34. b4 Ra2 35. bxa5 f6 $2 {[#]} (35... g6 $11 {and Black stays safe.}) 36. Nc6 $1 $18 {[%cal Rc6e7] Threatening mate with Ne7+.} ({Don't blunder} 36. g4 $2 Qf4 $19) 36... Qxh5 37. Nb4 (37. Ne7+ $16 Kh8 38. Qa8) 37... Ra3 $40 {[%mdl 128] Black is up to no good.} 38. Qc5 {Threatens to win with Nxd5.} Qf3 39. Nxd5 $1 Rb3 (39... Ra2 $11 {remains equal.} 40. Nb4 Ra3) 40. Ne3 (40. Ne7+ $16 Kf7 41. a6 Qxc3 42. Qxc3 Rxc3 43. a7) 40... Rb2 $11 41. Rf1 Ra2 42. Qb4 h5 43. Qb5 f5 (43... h4 $5 44. gxh4 Qa8 $15) 44. Ng2 (44. a6 $11) 44... Qxc3 $15 45. Nf4 {[#]} (45. Qe8 $15) 45... h4 $1 $17 {[%cal Rh4g3]} ({Don't play} 45... Rxa5 46. Qe8 $15) 46. gxh4 Rxa5 47. Qe8 Qf3 (47... Qc4 $17 48. Ng2 Qd4) 48. Nxe6 $11 Qg4+ 49. Kh2 Qxh4+ 50. Kg1 Qf6 51. Qxf8+ Qxf8 52. Nxf8 Kxf8 {[%mdl 4096] Endgame KR-KR} 53. Kg2 Kf7 54. Rc1 Kf6 55. Rc7 Ra2 56. Kg3 Ra3+ 57. Kg2 Kg6 58. Rb7 Kh6 59. Rc7 g6 60. Rc6 Kh5 61. Rb6 g5 62. Rb5 f4 63. Rc5 Kh4 64. Rc4 Ra6 65. Rb4 Rf6 66. Rb8 f3+ 67. Kh2 {The position is equal.} Re6 68. Rb4+ g4 {Strongly threatening ...Re2.} 69. Rb8 Rh6 70. Rg8 Rh7 71. Rg6 Rc7 72. Rg8 Rc5 73. Rh8+ Rh5 74. Rg8 Rh6 75. Rg7 Rh8 76. Rg6 Rc8 77. Rg7 Rc1 78. Rh7+ Kg5 79. Rg7+ Kf5 80. Rf7+ Kg6 (80... Ke5 {seems wilder.} 81. Rf8 Rc4 82. Re8+ Kf5 83. Rf8+ Kg6) 81. Rf8 Kg5 82. Rg8+ Kf4 83. Rf8+ Ke4 84. Rg8 Kd3 (84... g3+ {looks sharper.} 85. Rxg3 Kf4 86. Rg8 Re1 87. Rf8+ Kg4) 85. Rxg4 Ke2 86. Ra4 Kxf2 87. Ra2+ Ke3 (87... Kf1 $5 88. Kg3 $8 Rc3 89. Rf2+ Kg1 $11) 88. Ra3+ Ke2 89. Ra2+ Ke1 {( -> ...f2)} 90. Kg3 Rc3 {Hoping for ...f2+.} 91. Rf2 Kd1 92. Rxf3 Rxf3+ 93. Kxf3 {Precision: White = 56%, Black = 55%.} 1/2-1/2

[Event "EIWCC 2018"]
[Site "Vysoke Tatry"]
[Date "2018.04.08"]
[Round "1"]
[White "Chernyak, Viktoria"]
[Black "Szczepkowska, Karina"]
[Result "0-1"]
[WhiteElo "2196"]
[BlackElo "2403"]
[Annotator "NA RC"]
[PlyCount "82"]
[EventDate "2018.??.??"]
[EventType "swiss"]
[EventCountry "SVK"]
[SourceTitle "playchess.com"]
[Source "ChessBase"]
[SourceQuality "1"]
[TimeControl "40/5400+30:1800+30"]

1. Nf3 {[%emt 0:00:00]} Nf6 {[%emt 0:00:09]} 2. c4 {[%emt 0:00:00]} e6 {[%emt 0:00:13]} 3. Nc3 {[%emt 0:00:00]} d5 {[%emt 0:01:45]} 4. d4 {[%emt 0:00:23]} c5 {[%emt 0:03:36]} 5. cxd5 {[%emt 0:03:54]} exd5 {[%emt 0:01:46]} 6. Bg5 {[%emt 0:01:52]} Be6 {[%emt 0:06:26]} 7. dxc5 {[%emt 0:02:18] D32: Tarrasch Defence: Sidelines and lines without g3} (7. e3 c4 8. Be2 Nc6 9. O-O Bb4 10. Ne5 Bxc3 11. bxc3 h6 12. Bxf6 Qxf6 13. f4 Bf5 14. Bf3 Qd6 15. e4 dxe4 16. Nxc4 {1-0 (28) Vallejo Pons,F (2708)-Roy,P (2300) Pattaya 2015}) 7... Bxc5 {[%emt 0:01:53]} 8. e3 {[%emt 0:01:40]} O-O {[%emt 0:03:00]} 9. Bd3 {[%emt 0:04:34]} Nc6 {[%emt 0:01:26]} 10. O-O {[%emt 0:00:15]} h6 {[%emt 0:01:20]} 11. Bh4 {[%emt 0:01:32]} Be7 {[%emt 0:01:47]} 12. Rc1 {[%emt 0:02:20]} Rc8 {[%emt 0:07:07]} 13. Bb1 $146 {[%emt 0:04:38]} ({Predecessor:} 13. a3 Bg4 14. Bb1 Ne5 15. Bxf6 Bxf6 16. Qc2 g6 17. Nd4 Nc6 18. Nxc6 bxc6 {1-0 (50) Garcia Gil,J (2193)-Asensio Linan,T (2181) Spain 2000}) 13... a6 {[%emt 0:04:37]} 14. Qd3 {[%emt 0:05:27]} g6 {[%emt 0:01:20]} 15. Rfd1 {[%emt 0:02:42]} Qa5 {[%emt 0:06:49]} 16. Ne2 {[%emt 0:08:49]} Bg4 {[%emt 0:06:59]} 17. Ned4 {[%emt 0:08:42]} Qb6 {[%emt 0:02:58]} 18. Nxc6 {[%emt 0:06:45]} bxc6 {[%emt 0:06:07]} 19. Qd4 {[%emt 0:02:49]} c5 {[%emt 0:08:03]} 20. Qd2 {[%emt 0:17:28]} Rfd8 {[%emt 0:02:13]} 21. h3 {[%emt 0:02:57] [#]} Ne4 $19 {[%emt 0:04:46]} 22. Bxe7 {[%emt 0:07:01]} Nxd2 {[%emt 0:00:46]} 23. Bxd8 {[%emt 0:00:17]} Qxd8 {[%emt 0:06:12]} 24. Rxd2 {[%emt 0:00:45]} Bxf3 {[%emt 0:00:07]} 25. gxf3 {[%emt 0:00:05]} d4 {[%emt 0:01:01]} 26. f4 {[%emt 0:03:14]} Qa5 {[%emt 0:03:24]} 27. Rcd1 {[%emt 0:00:58]} dxe3 {[%emt 0:00:15]} 28. fxe3 {[%emt 0:00:04]} c4 {[%emt 0:00:08]} 29. Kf2 {[%emt 0:04:43]} Kg7 {[%emt 0:01:29]} 30. Rd7 {[%emt 0:00:54]} Rb8 {[%emt 0:02:16]} 31. R7d2 {[%emt 0:00:33]} Qh5 {[%emt 0:00:44]} 32. Rh1 {[%emt 0:00:28]} Qh4+ {[%emt 0:00:19]} 33. Kf3 {[%emt 0:01:05]} Qf6 {[%emt 0:00:32]} 34. Rd4 {[%emt 0:01:40]} Qe6 {[%emt 0:02:58]} 35. Rh2 {[%emt 0:01:07]} Re8 {[%emt 0:01:26]} 36. e4 {[%emt 0:00:11]} Qb6 {[%emt 0:01:26]} 37. Rd1 {[%emt 0:01:11]} Rd8 {[%emt 0:01:09]} 38. Rc1 {[%emt 0:02:44]} Rd4 {[%emt 0:00:16]} 39. Re2 {[%emt 0:01:04]} Qd8 {[%emt 0:00:15]} 40. Rc3 {[%emt 0:00:00]} Qh4 {[%emt 0:01:19]} 41. Rh2 {[%emt 0:02:49]} Rd1 {[%emt 0:01:01]} 0-1

[Event "EIWCC 2018"]
[Site "Vysoke Tatry"]
[Date "2018.04.08"]
[Round "1"]
[White "Richterova, Natasa"]
[Black "Hoolt, Sarah"]
[Result "0-1"]
[WhiteElo "2181"]
[BlackElo "2393"]
[Annotator "NA RC"]
[PlyCount "74"]
[EventDate "2018.??.??"]
[EventType "swiss"]
[EventCountry "SVK"]
[SourceTitle "playchess.com"]
[Source "ChessBase"]
[SourceQuality "1"]
[TimeControl "40/5400+30:1800+30"]

1. d4 {[%emt 0:00:00]} Nf6 {[%emt 0:00:08]} 2. Nf3 {[%emt 0:00:55]} e6 {[%emt 0:02:31]} 3. g3 {[%emt 0:00:31]} c5 {[%emt 0:01:35]} 4. Bg2 {[%emt 0:00:40]} Nc6 {[%emt 0:02:44]} 5. O-O {[%emt 0:01:20]} d5 {[%emt 0:03:29]} 6. c4 {[%emt 0:12:32]} cxd4 {[%emt 0:05:51]} 7. cxd5 {[%emt 0:01:55]} Nxd5 {[%emt 0:06:08]} 8. Nxd4 {[%emt 0:00:18]} Be7 {[%emt 0:01:49]} 9. Nxc6 {[%emt 0:02:10]} bxc6 {[%emt 0:00:04]} 10. e4 {[%emt 0:01:49]} Nb4 {[%emt 0:14:02]} 11. Qxd8+ {[%emt 0:10:17]} Bxd8 {[%emt 0:00:47]} 12. Nc3 {[%emt 0:15:25]} e5 {[%emt 0:12:17]} 13. Rd1 {[%emt 0:03:04]} Bg4 {[%emt 0:05:59]} 14. f3 {[%emt 0:02:05]} ({White should play} 14. Rd2 $11) 14... Bb6+ {[%emt 0:00:19]} 15. Kh1 {[%emt 0:00:44]} Be6 {[%emt 0:05:04]} 16. a3 $17 {[%emt 0:10:13]} (16. Bf1 $15) 16... Nc2 {[%emt 0:01:04]} 17. Rb1 {[%emt 0:00:14]} Bb3 {[%emt 0:01:48]} 18. f4 {[%emt 0:16:39]} f6 {[%emt 0:02:12]} 19. fxe5 {[%emt 0:09:05]} fxe5 {[%emt 0:00:02]} 20. Bh3 {[%emt 0:01:32]} Nd4 {[%emt 0:06:03]} 21. Rf1 {[%emt 0:01:42]} Bc2 {[%emt 0:00:41]} 22. Ra1 {[%emt 0:00:22]} Nb3 {[%emt 0:00:17]} 23. Ra2 Rf8 {[%emt 0:03:58]} 24. Bf5 {[%emt 0:04:11]} g6 {[%emt 0:04:34]} 25. Bh6 {[%emt 0:00:05]} gxf5 {[%emt 0:00:18]} 26. Bxf8 {[%emt 0:00:14]} Kxf8 {[%emt 0:00:07]} 27. Rxf5+ {[%emt 0:00:03]} Kg8 {[%emt 0:01:12]} 28. Rxe5 {[%emt 0:00:53]} Rf8 {[%emt 0:03:47]} 29. Kg2 {[%emt 0:04:52]} Bd3 {[%emt 0:02:14]} 30. Rg5+ {[%emt 0:00:37]} Kh8 {[%emt 0:00:14]} 31. g4 {[%emt 0:00:28]} Bf1+ {[%emt 0:01:14]} 32. Kh1 {[%emt 0:00:11]} Rf2 {[%emt 0:00:22]} 33. h4 {[%emt 0:00:40]} Bg2+ {[%emt 0:01:01]} 34. Kh2 {[%emt 0:00:08]} Bxe4+ {[%emt 0:00:43]} 35. Kg3 {[%emt 0:00:09]} Rf3+ {[%emt 0:03:15]} 36. Kh2 {[%emt 0:00:21]} Bd3 {[%emt 0:00:21]} 37. a4 {[%emt 0:01:15]} Bf1 {[%emt 0:00:24]} 0-1

[Event "EIWCC 2018"]
[Site "Vysoke Tatry"]
[Date "2018.04.08"]
[Round "1"]
[White "Petrenko, Svetlana"]
[Black "Milliet, Sophie"]
[Result "1/2-1/2"]
[WhiteElo "2178"]
[BlackElo "2391"]
[Annotator "NA RC"]
[PlyCount "95"]
[EventDate "2018.??.??"]
[EventType "swiss"]
[EventCountry "SVK"]
[SourceTitle "playchess.com"]
[Source "ChessBase"]
[SourceQuality "1"]
[TimeControl "40/5400+30:1800+30"]

1. c4 {[%emt 0:00:00]} e5 {[%emt 0:00:19]} 2. Nc3 {[%emt 0:00:00]} d6 {[%emt 0:00:18]} 3. g3 {[%emt 0:00:41]} f5 {[%emt 0:00:12]} 4. Bg2 {[%emt 0:00:21]} Nf6 {[%emt 0:00:16]} 5. d3 {[%emt 0:02:12]} Be7 {[%emt 0:00:53]} 6. Nf3 {[%emt 0:04:11]} O-O {[%emt 0:02:28]} 7. O-O {[%emt 0:00:27]} c6 {[%emt 0:10:24]} 8. e4 {[%emt 0:03:28] A21: English Opening: 1...e5 2 Nc3} (8. Rb1 Na6 9. b4 Nc7 10. a4 a6 11. a5 Kh8 12. Na4 Be6 13. Nb6 Rb8 14. Bb2 f4 15. Qc2 Qe8 16. c5 Qh5 17. cxd6 Bxd6 {0-1 (58) Pantsulaia,L (2612)-Adhiban,B (2655) Riadh 2017}) 8... Kh8 $146 {[%emt 0:12:41]} ({Predecessor:} 8... Qe8 9. d4 fxe4 10. Ng5 exd4 11. Qxd4 c5 12. Qd1 Nc6 13. Ngxe4 Nd4 14. Be3 Nf5 15. Bf4 Be6 {0-1 (41) Klink,T (2134)-Rigo,J (2314) Dortmund 2004}) 9. Nh4 {[%emt 0:12:26]} fxe4 {[%emt 0:04:11]} 10. dxe4 {[%emt 0:00:12]} Bg4 {[%emt 0:00:10]} 11. Qc2 {[%emt 0:05:45]} Qd7 {[%emt 0:17:52]} 12. f4 {[%emt 0:14:51]} exf4 {[%emt 0:05:18]} 13. Bxf4 {[%emt 0:00:59]} Qe6 {[%emt 0:00:38]} 14. b3 {[%emt 0:02:53]} Nbd7 {[%emt 0:00:31]} 15. Nf5 {[%emt 0:05:25]} Ne5 {[%emt 0:01:01]} 16. h3 {[%emt 0:11:22]} Bh5 {[%emt 0:00:05]} 17. g4 {[%emt 0:01:04]} Bg6 {[%emt 0:00:39]} 18. Rad1 {[%emt 0:07:01]} h5 {[%emt 0:06:21]} 19. Nxe7 {[%emt 0:06:46]} Qxe7 {[%emt 0:00:03]} 20. g5 $14 {[%emt 0:00:14]} Nh7 {[%emt 0:18:16]} 21. Qd2 {[%emt 0:00:07]} Rad8 {[%emt 0:00:11]} 22. Qe3 {[%emt 0:03:16]} Rfe8 {[%emt 0:04:53]} 23. h4 a6 {[%emt 0:01:40]} 24. Qg3 {[%emt 0:02:56]} Nf8 {[%emt 0:00:29]} 25. c5 {[%emt 0:00:53]} Kg8 {[%emt 0:06:50]} 26. Bh3 {[%emt 0:05:49]} Bf7 {[%emt 0:00:07]} 27. Rxd6 {[%emt 0:03:10]} Rxd6 {[%emt 0:01:14]} 28. Bxe5 {[%emt 0:00:55]} Rd3 {[%emt 0:03:32]} 29. Qxd3 {[%emt 0:00:09]} Qxe5 {[%emt 0:00:06]} 30. b4 {[%emt 0:01:47]} Be6 {[%emt 0:01:35]} 31. Bxe6+ {[%emt 0:01:11]} Qxe6 {[%emt 0:00:04]} 32. Qf3 {[%emt 0:01:35]} Ng6 {[%emt 0:00:08]} 33. Qxh5 {[%emt 0:00:54]} Qe5 {[%emt 0:00:15]} 34. Rf3 {[%emt 0:01:19]} Rf8 {[%emt 0:02:09]} 35. Rxf8+ {[%emt 0:00:26]} Nxf8 {[%emt 0:00:05]} 36. Qf3 {[%emt 0:00:38]} Ng6 {[%emt 0:00:00]} 37. Ne2 {[%emt 0:01:08]} Nxh4 {[%emt 0:00:53]} 38. Qf4 {[%emt 0:01:21]} Qxg5+ {[%emt 0:00:35]} 39. Qxg5 {[%emt 0:00:02]} Nf3+ {[%emt 0:00:03]} 40. Kf2 {[%emt 0:00:00]} Nxg5 {[%emt 0:00:06]} 41. Ke3 {[%emt 0:00:10]} Ne6 {[%emt 0:02:22]} 42. Ng3 {[%emt 0:05:19]} Kf7 {[%emt 0:12:16]} 43. Nf5 {[%emt 0:00:39]} Kf6 {[%emt 0:00:28]} 44. Nd6 {[%emt 0:00:30]} Nd8 {[%emt 0:00:03]} 45. Kf4 {[%emt 0:00:38]} Ne6+ {[%emt 0:00:10]} 46. Ke3 {[%emt 0:00:09]} Nd8 {[%emt 0:00:02]} 47. Kf4 {[%emt 0:00:19]} Ne6+ {[%emt 0:00:06]} 48. Ke3 {[%emt 0:00:24]} 1/2-1/2